Normal view
MARC view
- تصنيف أبي محمد عبدالله بن مسلم بن قتيبة الدينوري، حققه وضبط نصه ووضع حواشية، مفيد قميحة، محمد أمين الضناوي
Entry Personal Name
001 - CONTROL NUMBER
- control field: 11574
003 - CONTROL NUMBER IDENTIFIER
- control field: JO-AjAnu
005 - DATE AND TIME OF LATEST TRANSACTION
- control field: 20230606072145.0
008 - FIXED-LENGTH DATA ELEMENTS
- fixed length control field: 230606|| aca||aabn | a|a d
040 ## - CATALOGING SOURCE
- Original cataloging agency: JO-AjAnu
- Transcribing agency: JO-AjAnu
100 ## - HEADING--PERSONAL NAME
- Personal name: تصنيف أبي محمد عبدالله بن مسلم بن قتيبة الدينوري، حققه وضبط نصه ووضع حواشية، مفيد قميحة، محمد أمين الضناوي
670 ## - SOURCE DATA FOUND
- Source citation: Work cat.: (JO-AjAnu)5963: تصنيف أبي محمد عبدالله بن مسلم بن قتيبة الدينوري، حققه وضبط نصه ووضع حواشية، مفيد قميحة، محمد أمين الضناوي, author, الشعر والشعراء، أو، طبقات الشعراء